000 01806nam a22003017a 4500
005 20100805113515.0
010 _aHIN-89991-92
020 _a8178821117 (भाग-1)
_c250.00
020 _a8178821125 (भाग-2)
_c250.00
035 _aHN-62337-38
037 _bDBAD / PUB
082 _a
100 _aधूमकेतु
_924522
245 _aगुर्जरपति मूलराजदेव /
_cधूमकेतु; नूतन प्रेमानी द्वारा अनुदित
246 _aGurjarpati Moolrajdev
_bby Dhoomketu;Translated by Nutan Premani
260 _aदिल्ली
_bसुरेन्द कमार एण्ड सन्स
_c2010
270 _a30/21ए-22ए, गली नं.-9, विश्वास नगर
_bदिल्ली
_e110032
300 _a2 भाग(191पृ;191पृ.)
_c22सेमी (सजिल्द)
490 _aचालुक्यवंशी उपन्यासमाला
_924523
500 _aगुजराती के सुप्रसिद्ध उपन्यास 'गुर्जरपति मूलराजदेव' का हिन्दी अनुवाद
500 _aदो भागों में प्रकाशित
650 _bहिन्दी कथा साहित्य
_9657
650 _bHindi Katha Sahitya
_9658
700 _95361
_aनूतन प्रेमानी
942 _2ddc
_cHN
_h
_mधूमके
999 _c39371
_d39371